000 00749nam a22002297a 4500
999 _c14482
_d14482
003 AR-CdUCM
008 190423b ||||| |||| 00| 0 spa d
020 _a978-607-404-828-5
040 _aMUNICIPALIDAD PROVINCIAL DEL CUSCO
_cBIBLIOTECA MUNICIPAL DEL CUSCO
082 _aPI / 376.1 /
_bSI55
110 _aSilver Dolphin
_933031
245 _aFelinos feroces /
260 _aMexico :
_bAdvanced marketing,
_c2013.
300 _a8 paginas ;
_bIlustraciones,
_c21 cm.
500 _aTitulo original : Ferocious wildcats
650 _aFelinos
_933284
650 _aAprende con los felinos
_933285
650 _aTigre, puma, leopardo
_933286
700 _aAlba, Aelette de (Traducción)
_933287
942 _2ddc
_cLIBROS
945 _apjha
_d2019-05-02